Ycare - Alison - Statistiques

Statistiques générales
  • Ce quiz a été pris 5 fois
  • Le résultat moyen est 214 sur 261
Statistiques - réponses
Réponse % Correct
à
100%
À
100%
Alison,
100%
Alison
100%
Ça
100%
ce
100%
c'est
100%
comme
100%
convoitant
100%
corps
100%
course
100%
Dans
100%
dans
100%
De
100%
de
100%
dévore
100%
"dit
100%
douce
100%
En
100%
en
100%
est
100%
Et
100%
folle
100%
fort
100%
garder
100%
jamais
100%
je
100%
La
100%
la
100%
le
100%
L'envie
100%
ma
100%
Mais
100%
me
100%
mélancolie
100%
mélodie
100%
mire
100%
mon
100%
Mon
100%
ne
100%
Ne
100%
non
100%
nord
100%
pas
100%
perdre
100%
piétine
100%
Que
100%
Qui
100%
qui
100%
reine
100%
rôle
100%
s'arrête,
100%
sonne,
100%
sonne
100%
tête
100%
toujours
100%
un
100%
une
100%
Une
100%
vie
100%
astre?
75%
aura
75%
aussi"
75%
bel
75%
cette
75%
démange
75%
haleine
75%
lune
75%
m'ennuie
75%
mes
75%
pour
75%
répond
75%
s'enfuit
75%
suis-je
75%
toi
75%
veines
75%
Y
75%
abuse
50%
brille
50%
désastre
50%
elle
50%
faute
50%
j'en
50%
n'est
50%
résonne,
50%
Si
50%
bat
25%
celui-ci
25%
d'soleil,
25%
d'ta
25%
du
25%
même,
25%
meurtrie
25%
nan,
25%
oreille
25%
paradis
25%
quand
25%
rapprochait
25%
ronronne
25%
seule
25%
ton
25%
Aucun quiz correspondant
Distribution des résultats
% des personnes avec chaque résultat
Percentile par nombre de réponses
Votre historique - résultats
Vous n’avez pas pris ce quiz